KOHA-Header-6

Marketing and Consumer Behavior in East and South East Asia (Record no. 8290)

000 -LEADER
fixed length control field 00277nam a2200109Ia 4500
020 ## - INTERNATIONAL STANDARD BOOK NUMBER
ISBN 9780074704806
100 ## - MAIN ENTRY--AUTHOR NAME
Personal name Anthony Pecotich
245 #0 - TITLE STATEMENT
Title Marketing and Consumer Behavior in East and South East Asia
260 ## - PUBLICATION, DISTRIBUTION, ETC. (IMPRINT)
Place of publication India
Name of publisher Prentice Hall
Year of publication 2000
300 ## - PHYSICAL DESCRIPTION
Number of Pages 955
942 ## - ADDED ENTRY ELEMENTS (KOHA)
Koha item type Books
Holdings
Withdrawn status Lost status Collection code Permanent Location Current Location Shelving location Date acquired Full call number Accession Number Koha item type
    Marketing MAJU MAJU   2019-09-13 658.4 2902 Marketing

Powered by Koha